| 000 | 00000nam 2200000zi 4500 |
| 001 | 9.926879 |
| 003 | CaOODSP |
| 005 | 20250224144119 |
| 006 | m o d f |
| 007 | cr bn||||||||| |
| 008 | 230901e198101 onc o f000 0 fre d |
| 040 | |aCaOODSP|bfre|erda|cCaOODSP |
| 043 | |an-cn--- |
| 086 | 1 |aC52-83/1981F-PDF |
| 245 | 00|aAcier de construction et bâtiments d'acier du Canada. |
| 264 | 1|aOttawa, Canada : |bDivision de la sidérurgie, Ministère de l'Industrie et du Commerce, |cjanvier 1981. |
| 300 | |a1 ressource en ligne (121 pages) |
| 336 | |atexte|btxt|2rdacontent/fre |
| 337 | |ainformatique|bc|2rdamedia/fre |
| 338 | |aressource en ligne|bcr|2rdacarrier/fre |
| 500 | |aPublié aussi en anglais sous le titre : Fabricated structural steel and steel buildings from Canada. |
| 500 | |aÉdition numérisée de l'imprimé [par Innovation, sciences et développement économique Canada]. |
| 650 | 6|aAcier|xIndustrie et commerce|zCanada. |
| 650 | 6|aConstruction métallique|zCanada. |
| 710 | 1 |aCanada. |bIndustrie et commerce, |eorganisme de publication. |
| 775 | 08|tFabricated structural steel and steel buildings from Canada.|w(CaOODSP)9.922034 |
| 856 | 40|qPDF|s1.79 Mo|uhttps://publications.gc.ca/collections/collection_2023/isde-ised/C52-83-1981-fra.pdf |